000 005680000a22001690004500
003 MACL
005 20160223144645.0
008 160223b xxu||||| |||| 00| 0 eng d
040 _aMACL
_cMACL
041 _aHindi
082 _a641
100 _aसाहिबा श्रीमती नवाब सुलतान जहॉ बेगम
_939700
245 _aबच्‍चों का पालन पोषण
260 _bइंडियन प्रेस
_c1916
_aइलाहाबाद
650 _aHome Economics
_939701
942 _cHIN
_k641
_2ddc
999 _c24567
_d24567